000 00482nam a2200169Ia 4500
003 GCL
008 140319s9999 xx 000 0 eng d
040 _aGCL /
_cGCL
082 0 4 _a305.55
_bV N
100 1 _aVIDICH, ARTHUR
245 1 0 _aTHE NEW MIDDLE CLASSES:LILE STYLIS, STATUS CLAMIS ANDPOLITICAL ORIENTATIONS /
_cVIDICH, ARTHUR
260 _a[S.N] :
_bMACMILLAN ،
_c1995
300 _a405.P
650 0 4 _aUNITED STATES
650 0 4 _aPSYCHOLOGICAL ASPECTS
942 _2ddc
_cBK
999 _c11198
_d11198